000 00543nam a2200169 i 4500
001 149265
003 ES-MaACL
005 20230906203023.0
007 t|
008 071019s1917 sp ||||1| spa d
100 1 _aVelasco de Toledo, Julián.
_9113753
245 1 0 _aDe mis soledades
_b: versos de esparcimiento, ingenuidad y amor /
_cJulián Velasco de Toledo ; con una ofrenda de Gonzalo Cantó.
260 _aCuenca :
_bEl Día,
_c1917.
300 _a157 p. ;
_c17 cm.
700 1 _aCantó, Gonzalo.
_934668
852 _aES-MaACL
_jF-3524
999 _c149265
_d149265